Matematičeskoje modelirovanije : Procesy v nelinejnych sredach
Salvato in:
| Natura: | Libro |
|---|---|
| Lingua: | russo |
| Pubblicazione: |
Moskva :
Nauka,
1986
|
| Edizione: | 1.vyd. |
| Tags: |
Nessun Tag, puoi essere il primo ad aggiungerne!!
|
MARC
| LEADER | 00000nam a22000003a 4500 | ||
|---|---|---|---|
| 001 | stu7435 | ||
| 005 | 20141122101550.6 | ||
| 008 | 950316s1986----xxr-----------------rus-d | ||
| 040 | |a STU |b slo | ||
| 041 | 0 | |a rus | |
| 044 | |a xxr | ||
| 080 | |a 517.958 | ||
| 080 | |a 519.6 | ||
| 245 | |a Matematičeskoje modelirovanije : |b Procesy v nelinejnych sredach | ||
| 250 | |a 1.vyd. | ||
| 260 | |a Moskva : |b Nauka, |c 1986 | ||
| 300 | |a 308 s | ||
| 996 | |b E60842 |c E*60842 |l EE03 |s P |a 0 |w stu7435_0003 | ||